| 000 | 00611nam a2200205 a 4500 | ||
|---|---|---|---|
| 001 | 45358 | ||
| 005 | 20180714024525.0 | ||
| 008 | 140415s1966 000 0 spa d | ||
| 041 | _aspa | ||
| 082 |
_a301 _bDUV |
||
| 100 | 1 | _aDUVIGNAUD, JEAN | |
| 245 | 1 | 0 |
_aSOCIOLOGIA DEL TEATRO : _bENSAYO SOBRE LAS SOMBRAS COLECTIVAS |
| 250 | _a1a ed. | ||
| 260 |
_a[s.l.] : _bFONDO DE CULTURA ECONOMICA, _c1966 |
||
| 300 | _a490 | ||
| 490 | _aSECCION DE OBRAS DE SOCIOLOGIA | ||
| 500 | _aSECCION DE OBRAS DE SOCIOLOGIA | ||
| 650 | 1 | 4 |
_aLITERATURA Y SOCIEDAD _xSOCIOLOGIA |
| 700 | 1 |
_aARANDA, LUIS _etr. |
|
| 999 |
_c45358 _d45358 |
||